LEADER 01080nam a2200265 i 4500 001 000000150140 003 CaOOAMICUS 005 20060504000000.0 008 060504s2000 it u000 u ita u 013 $a127478 020 $a88-7287-211-1 040 $aSeMil$bita 245 10$aInterpretazioni di un Erbario /$c[Editor : Luciana Rita Angeletti ... et al.]. 260 $aRoma :$bDelfino,$cCopyr. 2000. 300 $a62 p. :$b35 cm. 500 $aIn cofanetto con : Herbarium habitum in Horto Medico Sapientiae Romanae. - Dono del card. Dionigi Tettamanzi. 650 4$aErbari.$0(OLS)http://semarc/subject/23815 700 1 $aAngeletti, Luciana Rita.$0(OLS)http://semarc/name/59268 850 $aSeMil 852 $aSeMil$W1$xVenegono$y1$m3XC VI 22$j102305$B102305$CSeMilBibl$Z2$F111798 $81 941 1 $a5 961 $aOmaggio: Tettamanzi Card. Dionigi 996 $6020$a88-7287-211-1$9(OLS)http://semarc/number/139549 996 $6245$aInterpretazioni di un Erbario$9(OLS)http://semarc/title/219548 996 $6260$aRoma :$bDelfino$9(OLS)http://semarc/publisher/33192 LEADER 00864nam a2200229 i 4500 001 000000060455 003 CaOOAMICUS 005 20140515000000.0 008 140515s1944 it u000 u ita u 013 $a31627 040 $aSeMil$bita 100 1 $aArrighini, Angelico,$c.$0(OLS)http://semarc/name/90160 245 13$aIl Purgatorio e il Limbo /$cP. A. Arrighini. 260 $aTorino :$bLICE-Berruti & C.,$c1944. 300 $a206 p. ;$c23 cm. 500 $aContiene : Appendice. 650 4$aLimbo.$0(OLS)http://semarc/subject/9693 650 4$aPurgatorio.$0(OLS)http://semarc/subject/6254 850 $aSeMil 852 $aSeMil$W1$xVenegono$y1$m2K III 67 ^$j26608$B26608$CSeMilBibl$Z2$F26611 $81 996 $6245$aIl Purgatorio e il Limbo$9(OLS)http://semarc/title/94751 996 $6260$aTorino :$bLICE-Berruti & C.$9(OLS)http://semarc/publisher/32683